000 01535nam0a2200349 i 4500
001 RU\NLR\BIBL_A\011827782
005 20260409073454.0
010 _a9785915591867
035 _a(NILC)LIBNET\0000477177
035 _aRU
035 _a(NLR Aleph) 011827782
090 _a11994876
_c11994876
100 _a20181018d2014 u y0rusy50 ca
101 1 _arus
_ceng
102 _aRU
105 _aa j 000zy
200 1 _aКоррозия и защита от коррозии
_e[учебное пособие
_eдля студентов, аспирантов и преподавателей химических и химико-технологических факультетов]
_fР. Ангал
_gперевод с английского А. Д. Калашникова
205 _a2-е изд.
210 _aДолгопрудный
_cИнтеллект
_d2014
215 _a343 с.
_cил., табл.
_d22
300 _aНа 4-й с. обл. авт.: Р. Ангал, проф.
313 _aПо пред. изд. 2013 г.
320 _aБиблиогр. в конце гл.
606 _aМеталлы
_xКоррозия и защита от нее
_jУчебные издания для высших учебных заведений
_3RU\NLR\AUTH\661264607
_92089021
686 _a34.66я7
_vLBC/M
_2rubbk
686 1 _aК66я73-1
700 1 _aАнгал
_bР.
801 0 _aRU
_bВладимирская ОУНБ
_c20140915
_grcr
942 _cBOOK
980 _aNBR